02548cam a22003135a 45000010009000000050017000090080041000260200029000670200015000960400041001110500023001520820022001751000029001972450083002262600048003093000033003575000024003905040041004145201405004556500040018606500043019006510010019436530033019536550024019867000042020109420008020529990017020609520157020771100825620201128021328.0140331t2014 nyua frb 001 0 eng d a9780071825917 (hardback) a0071825916 aDLCbengcDLCdDLCdWaSeSSdEG-ScBUE 4aTS156b.D3876 201404a658.4013222bDEF1 aDe Feo, Joseph A.93839310aJuran's quality essentials :bfor leaders /cJoseph A. Defeo, Joseph M. Juran. aNew York :bMcGraw-hill Education,cc.2014. axx, 280 p. :bill. ;c24 cm. aIndex : p. 267-280. aIncludes bibliographical references. a"Dr. Juran's life work on quality--boiled down to a concise guide to creating a strong, successful, globally competitive enterprise Dr. Joseph Juran was a true visionary in the field of quality, and his words continue to inspire. One of his main mantras was "Take care of the quality, and the rest will take care of itself." This work is devoted to just that--taking care of the quality. In it, the Juran Institute team presents the leadership values, beliefs, and actions of top companies, and identifies the strategies that have resulted in measurable success. Juran's Quality Essentials offers succinct, field-tested methods applicable to any industry, from service to manufacturing, and includes realistic timetables of implementation. This unique resource describes three universal quality management methods: 1. designing innovative products and services; 2. creating breakthroughs in current performance; and 3. assuring repeatable and compliant processes. Reveals how to align quality goals and methods to a company's strategic plan Provides a transformation model and roadmap Demonstrates how executive leadership is the key to a company's quality revolution--and how to make quality happen. Filled with insider tips for staying adaptable and using a benchmark to sustain performance Shows how to apply planning, control, and improvement to quality leadership for competitive advantage "-- 0aQuality controlxManagement.2BUEsh 7aTotal quality management.2BUEsh92364 2BUEsh bBUSADMcJune2015cAugust2015 vreading book9342321 aJuran, J. M.q(Joseph M.),d1904-2008 2ddc c19846d19818 00102ddc40708AlahramaMAINbMAINc1STd2015-06-23epurchaseg300.00h339l1m1o658.4013 DEFp000038933r2025-07-15 00:00:00s2018-07-26v375.00yBB